<?xml version="1.0" encoding="UTF-8"?>
<record
    xmlns:xsi="http://www.w3.org/2001/XMLSchema-instance"
    xsi:schemaLocation="http://www.loc.gov/MARC21/slim http://www.loc.gov/standards/marcxml/schema/MARC21slim.xsd"
    xmlns="http://www.loc.gov/MARC21/slim">

  <leader>00522nam a22001577a 4500</leader>
  <controlfield tag="003">OSt</controlfield>
  <controlfield tag="005">20151103151223.0</controlfield>
  <controlfield tag="008">151103b        xxu||||| |||| 00| 0 eng d</controlfield>
  <datafield tag="040" ind1=" " ind2=" ">
    <subfield code="c">RUA</subfield>
  </datafield>
  <datafield tag="082" ind1=" " ind2=" ">
    <subfield code="a">FOR &#x17A2;&#x17B8; 1992&#x200B; B117 Or.1</subfield>
  </datafield>
  <datafield tag="100" ind1=" " ind2=" ">
    <subfield code="9">3276</subfield>
    <subfield code="a">&#x17A2;&#x17B8; &#x179C;&#x17B8;&#x179A;&#x17C8;</subfield>
  </datafield>
  <datafield tag="245" ind1=" " ind2=" ">
    <subfield code="a">&#x1782;&#x17C6;&#x179A;&#x17C4;&#x1784;&#x1793;&#x17C3;&#x1780;&#x17B6;&#x179A;&#x179A;&#x17C0;&#x1794;&#x1785;&#x17C6;&#x1794;&#x17BC;&#x178E;&#x17D2;&#x1799;&#x179A;&#x17BB;&#x1780;&#x17D2;&#x1781;&#x1791;&#x17B7;&#x179C;&#x17B6; &#x1786;&#x17D2;&#x1793;&#x17B6;&#x17C6;1992 &#x1793;&#x17C5;&#x1797;&#x17D2;&#x1793;&#x17C6;&#x17A2;&#x178A;&#x17D2;&#x178B;&#x179A;&#x179F;&#x17D2;&#x179F;</subfield>
  </datafield>
  <datafield tag="260" ind1=" " ind2=" ">
    <subfield code="a">Phnom Penh</subfield>
    <subfield code="b">RUA</subfield>
    <subfield code="c">1992</subfield>
  </datafield>
  <datafield tag="300" ind1=" " ind2=" ">
    <subfield code="a">96p.</subfield>
    <subfield code="b">ill.</subfield>
    <subfield code="c">29cm.</subfield>
  </datafield>
  <datafield tag="942" ind1=" " ind2=" ">
    <subfield code="2">ddc</subfield>
    <subfield code="c">FOR</subfield>
  </datafield>
  <datafield tag="999" ind1=" " ind2=" ">
    <subfield code="c">3058</subfield>
    <subfield code="d">3058</subfield>
  </datafield>
  <datafield tag="952" ind1=" " ind2=" ">
    <subfield code="0">0</subfield>
    <subfield code="1">0</subfield>
    <subfield code="2">ddc</subfield>
    <subfield code="4">0</subfield>
    <subfield code="6">FOR_&#x17A2;&#x17B8;_1992_B117_OR_1_000000000000000</subfield>
    <subfield code="7">0</subfield>
    <subfield code="9">14497</subfield>
    <subfield code="a">LBB</subfield>
    <subfield code="b">LBB</subfield>
    <subfield code="c">B117</subfield>
    <subfield code="d">2015-11-03</subfield>
    <subfield code="o">FOR &#x17A2;&#x17B8; 1992&#x200B; B117 Or.1</subfield>
    <subfield code="p">RUA026458</subfield>
    <subfield code="r">2015-11-03</subfield>
    <subfield code="w">2015-11-03</subfield>
    <subfield code="y">FOR</subfield>
  </datafield>
  <datafield tag="952" ind1=" " ind2=" ">
    <subfield code="0">0</subfield>
    <subfield code="1">0</subfield>
    <subfield code="2">ddc</subfield>
    <subfield code="4">0</subfield>
    <subfield code="6">FOR_&#x17A2;&#x17B8;_1992_B117_OR_2_000000000000000</subfield>
    <subfield code="7">0</subfield>
    <subfield code="9">14498</subfield>
    <subfield code="a">LBB</subfield>
    <subfield code="b">LBB</subfield>
    <subfield code="c">B117</subfield>
    <subfield code="d">2015-11-03</subfield>
    <subfield code="o">FOR &#x17A2;&#x17B8; 1992&#x200B; B117 Or.2</subfield>
    <subfield code="p">RUA027857</subfield>
    <subfield code="r">2015-11-03</subfield>
    <subfield code="w">2015-11-03</subfield>
    <subfield code="y">FOR</subfield>
  </datafield>
  <datafield tag="952" ind1=" " ind2=" ">
    <subfield code="0">0</subfield>
    <subfield code="1">0</subfield>
    <subfield code="2">ddc</subfield>
    <subfield code="4">0</subfield>
    <subfield code="6">FOR_&#x17A2;&#x17B8;_1992_B117_OR_3_000000000000000</subfield>
    <subfield code="7">0</subfield>
    <subfield code="9">14499</subfield>
    <subfield code="a">LBB</subfield>
    <subfield code="b">LBB</subfield>
    <subfield code="c">B117</subfield>
    <subfield code="d">2015-11-03</subfield>
    <subfield code="l">1</subfield>
    <subfield code="o">FOR &#x17A2;&#x17B8; 1992&#x200B; B117 Or.3</subfield>
    <subfield code="p">RUA027965</subfield>
    <subfield code="r">2016-08-01</subfield>
    <subfield code="s">2016-07-12</subfield>
    <subfield code="w">2015-11-03</subfield>
    <subfield code="y">FOR</subfield>
  </datafield>
</record>
